Quizzes
Events
Quiz Creation
Community
Videos
Private Events
Remove Ads
Sign In
Join for FREE
Feedback
Dark Mode
Quiz Categories
Sports
Geography
Music
Movies
Television
Just For Fun
Miscellaneous
History
Literature
Language
Science
Gaming
Entertainment
Religion
Holiday
For Kids
Quiz Lab
Recent
Popular Today
Quiz Kudos Today
Editor Picks
Curator Picks
Quizzes by...
Day
Popularity
Type
Ratings
Length
Year
Community
Subscriptions
Recent Discussions
Orange Saloon
Badges
Playlists
Quests
Create
Leaderboards
Showdown
Live 5
Trivia Bingo
Activity
Puzzle Library
Sporcle Events
Private Events
Virtual Trivia
Globe League
Become a Host
Pub Owners
SporcleCon
Opinionation
Our Games
Videos
Blog
Mobile Apps
Partnerships
Remove Ads and Go Orange
Feedback
Sports
Athletes
MLB
NBA
NHL
NFL
Soccer
Sports Teams
WWE
NCAA
Football
Premier League
Basketball
Baseball
Hockey
Golf
Tennis
Cricket
Rugby
Auto Racing
Olympics
World Cup
Sports
Athletes
MLB
NBA
NHL
NFL
Soccer
Sports Teams
WWE
NCAA
Football
Premier League
Basketball
Baseball
Hockey
Golf
Tennis
Cricket
Rugby
Auto Racing
Olympics
World Cup
Random Quiz
Search Sporcle
×
Quiz Lab
Quiz Lab
Sports
NFL
Type in answers that appear in a list
Type in answers that appear in a list
Classic
Best Score? Go Orange.
NFL Worst Defenses Stats
Can you name the NFL Worst Defenses in a 16 game season?
By
deweyd8855
10m
30 Questions
124 Plays
124 Plays
124 Plays
Comments
Comments
Give Quiz Kudos
Give Quiz Kudos
-
- Ratings
hide this ad
More Info
Forced Order
Answers have to be entered in order
Answers have to be entered in order
Replay
Link that replays current quiz
Next Quiz
Link to next quiz in quiz playlist
You Got
0%
They Got
Avg Score
22%
Avg Friend Score
Upgrade to see
Score Distribution
Jump to the score distribution portion of the page
Score
0/30
Timer
10:00
0
Plays Today
Year
Team
% Correct
2008
Detroit Lions
77.4%
2009
Detroit Lions
65.3%
2008
St. Louis Rams
56.5%
1980
New Orleans Saints
45.2%
2000
St. Louis Rams
35.5%
2014
Oakland Raiders
34.4%
2012
New Orleans Saints
31.3%
2013
Oakland Raiders
31.3%
1981
Baltimore Colts
29.8%
2013
Minnesota Vikings
28.1%
2002
Cincinnati Bengals
27.4%
2004
San Francisco 49ers
27.4%
2002
Detroit Lions
25.8%
2013
Washington Redskins
25%
1996
New York Jets
23.4%
Year
Team
% Correct
2001
Indianapolis Colts
21%
1998
Cincinnati Bengals
20.2%
1999
Cincinnati Bengals
20.2%
2003
Arizona Cardinals
20.2%
1983
Houston Oilers
19.4%
2010
Denver Broncos
18.8%
2011
Tampa Bay Buccaneers
18.8%
1984
Buffalo Bills
18.5%
1986
Tampa Bay Buccaneers
18.5%
1983
San Diego Chargers
15.3%
1984
Minnesota Vikings
15.3%
1990
Cleveland Browns
14.5%
1996
Atlanta Falcons
13.7%
1999
San Francisco 49ers
13.7%
2012
Tennessee Titans
12.5%
Quiz Playlist
Details
Report
Send in Message
Add To Playlist
More Info:
Name the 30 teams who allowed more than 450 points in a full season since the 16 game schedule was implemented in 1978 *indicates team made playoffs
Classic:
Type in answers that appear in a list
Forced Order:
Answers have to be entered in order
Quiz Source
Last Updated: Feb 16, 2017
Quiz Scoreboard
CHALLENGE
Sign Up to Join the Scoreboard
Show All
Scores
Hide
Comments
May contain spoilers
Recently Published
An Introduction to Baseball
by treessimontrees
Sports
5m
Movies - When Are They Set?
by FPL_Elf
Movies
5m
Popular People in 1961
by mucciniale
History
6m
More to Explore
Quiz From the Vault
Featured Blog Post
Where Did the Easter Bunny Come From?
hide this ad
You Might Also Like...
Tags
NFL Quiz
Allowed
defense
point
record
season
team
Worst
Today's Top Quizzes in Sports
Browse Sports
hide this ad
Today's Top Quizzes in NFL
Browse NFL
Top Contributed Quizzes in Sports
1
Les meilleurs buteurs des matchs entre le PSG et l’OM
2
2022 World Cup Stars
3
FIFA Club World Cup Champions
4
Les entraîneurs de l'OM et du PSG au 21e siècle
5
Name the Premier League winners with different clubs
6
La finale Lions - Afrique du Sud 2021
7
Criteria MLB: Left Handed Sluggers
8
Les joueurs passés par le LOSC et le RC Lens
9
Players with Multiple 50 Home Run Seasons
10
MLB Players with Two .350 Batting Average Seasons
Explore More
Trending Topics
Disney
Anime
Harry Potter
Marvel
Kpop
NBA
Crossword
Pokémon
Soccer
Song
WWE
Puzzle
The Office
NFL
Country
hide this ad
More By:
deweyd8855
Quiz
Plays
Rating
Category
Featured
Created
NHL Opening Night Starting Goalies
431
4.67
Sports
Dec 7, 2009
NHL Shorthanded Goal Leaders
284
5.00
Sports
Dec 11, 2009
2003 NHL Entry Draft
197
5.00
Sports
Nov 22, 2009
NFL Worst Defenses
124
4.50
Sports
Mar 7, 2010
NFL Worst Offenses
123
Sports
Feb 13, 2010
Go to Creator's Profile
Score Distribution
Quiz Creator Spotlight
deweyd8855
Follow
Send a Message
Quizzes Created
-
Created Quiz Play Count
-
More By This Creator
Popular Quizzes Today
1
Find the Countries of Europe - No Outlines Minefield
2
Find the US States - No Outlines Minefield
3
The Countries of the World
4
Popular People in 1961
5
US States
6
1-10 Letter E Words III
7
Find the US States
8
Risky Map Clicking: Biggest States A-Z
More Sports Quizzes
Tennis Players Rainbow
Published
Trending Quizzes
Risky Map Clicking: Least Populous States A-Z
1-10 Letter F Words
1-10 Letter G Words
One Thing in Common: United Kingdom
Risky Map Clicking: Next State Alphabetically
Recently Updated
Leaping Animals
pecheneg
Reality TV Shows (A-Z)
bhenderson79
Rickey Henderson's Hall of Fame Teammates
pecheneg
Champions League XIs: Arsenal
pecheneg
Quick Pick: Celebrities in WWE's Hall of Fame
aduchscher
A-Z Keypad Blitz II
pecheneg
Multiple Oscar Actors
pecheneg
Mystery Phrase Blitz: Oscar 'Best Actors'
pecheneg
F. Scott Fitzgerald Novels
LTH
Pick 3 Villains
ddd62291
Trending Topics
Harry Potter
Disney
Crossword
Marvel
Kpop
NBA
Anime
Song
Puzzle
Soccer
Country
Pokémon
NFL
WWE
The Office
Your Account Isn't Verified!
In order to create a playlist on Sporcle, you need to verify the email address you used during registration. Go to your
Sporcle Settings
to finish the process.
Report this User
Report this user for behavior that violates our
Community Guidelines
.
Details:
Send Report
Go to the Sporcle.com Mobile Site →
Comments